| 000 | 00383nam a22001457a 4500 | ||
|---|---|---|---|
| 999 |
_c7883 _d7883 |
||
| 003 | OSt | ||
| 005 | 20200528122622.0 | ||
| 008 | 200528b ||||| |||| 00| 0 eng d | ||
| 020 | _a9789386841377 | ||
| 082 |
_a338.927 _bHER |
||
| 100 | _aHernandez-Vargas G Jose | ||
| 245 | _aEnvironmental economics and sustainability | ||
| 260 |
_aNew Delhi _bDiscovery Publishing House |
||
| 942 | _2ddc | ||